000 01199cam a22003254a 4500
001 12387064
003 OSt
005 20250305195712.0
008 000920s2000 enk b 001 0 eng
010 _a 2001369327
020 _a0406934134
035 _a(UkLWHE)b000083370
040 _aDLC
_cDLC
_dDLC
042 _apcc
043 _ae-uk---
050 0 0 _aKD1554.Z9
_bB76 2000
082 0 0 _a346.4102
_221
100 1 _aBrownsword, Roger.
245 1 0 _aContract law :
_bthemes for the Twenty-First Century /
_cRoger Brownsword.
260 _aLondon :
_bButterworths,
_c2000.
300 _axxix, 237 p. ;
_c22 cm.
504 _aIncludes bibliographical references and index.
650 0 _aContracts
_zGreat Britain.
856 4 2 _3Publisher description
_uhttp://www.loc.gov/catdir/enhancements/fy0638/2001369327-d.html
856 4 1 _3Table of contents only
_uhttp://www.loc.gov/catdir/enhancements/fy0638/2001369327-t.html
856 4 2 _3Contributor biographical information
_uhttp://www.loc.gov/catdir/enhancements/fy0724/2001369327-b.html
906 _a7
_bcbc
_corigres
_d2
_encip
_f20
_gy-gencatlg
942 _2lcc
_cBK
_n0
999 _c4527
_d4527